Municipalities in Dalarna County, Sweden Quiz Stats

Quiz not verified by Sporcle

Challenge
Share
Tweet
Score 0/15 Timer 10:00
0 Plays Today
% Correct
Mora
96.2%
Falun
95.3%
Borlänge
89.6%
Leksand
87.7%
Orsa
83%
Hedemora
77.4%
Avesta
76.4%
Rättvik
75.5%
% Correct
Ludvika
74.5%
Älvdalen
67%
Säter
66%
Malung-Sälen
65.1%
Smedjebacken
61.3%
Gagnef
60.4%
Vansbro
55.7%

You're not logged in!

Compare scores with friends on all Sporcle quizzes.
Join for Free
OR
Log In

You Might Also Like...

Show Comments

Extras

Created Dec 6, 2014ReportNominate
Tags:county, municipality, sweden

Top Quizzes Today


Score Distribution

Your Account Isn't Verified!

In order to create a playlist on Sporcle, you need to verify the email address you used during registration. Go to your Sporcle Settings to finish the process.

Report this User

Report this user for behavior that violates our Community Guidelines.

Details: